[Event "Titled Tuesday intern op 02nd May Early"]
[Site "Chess.com INT"]
[Date "2023.05.02"]
[Round "1"]
[White "Adithya, A Chullikkad"]
[Black "Janaszak, Dawid"]
[Result "0-1"]
[WhiteElo "2215"]
[BlackElo "2316"]
[PlyCount "80"]
[EventDate "2023.05.02"]
[EventType "swiss (blitz)"]
[EventRounds "11"]
[EventCountry "USA"]
[SourceTitle "EXT 2024"]
[Source "ChessBase"]
[SourceDate "2023.10.10"]
[SourceVersion "1"]
[SourceVersionDate "2023.10.10"]
[SourceQuality "1"]

1. d4 Nf6 2. c4 e6 3. Nc3 Bb4 4. Qc2 d5 5. cxd5 exd5 6. Bg5 h6 7. Bh4 g5 8. Bg3 Ne4 9. e3 c5 10. Bb5+ Nc6 11. Nge2 Bf5 12. Qa4 0-0 13. f3 Nxg3 14. hxg3 Kg7 15. Bxc6 bxc6 16. Qxc6 Bg6 17. Kf2 Re8 18. Qxd5 Qe7 19. e4 Rad8 20. Qe5+ Qxe5 21. dxe5 Rd2 22. Nd5 Rxe5 23. Rhd1 Rxb2 24. Rdb1 Rd2 25. Nxb4 cxb4 26. Rxb4 Rc5 27. Rd4 Rb2 28. a4 Rcc2 29. Re1 f5 30. e5 Bf7 31. Rd7 Kg6 32. Rd6+ Kg7 33. Rd7 Kf8 34. Ke3 a5 35. g4 f4+ 36. Ke4 Rxe2+ 37. Rxe2 Bg6+ 38. Kd5 Rxe2 39. Ke6 Be8 40. Kf6 Bxd7 0-1

[Event "Titled Tuesday intern op 02nd May Early"]
[Site "Chess.com INT"]
[Date "2023.05.02"]
[Round "11"]
[White "Adithya, A Chullikkad"]
[Black "Kim, Sergey2222"]
[Result "0-1"]
[WhiteElo "2215"]
[BlackElo "2295"]
[PlyCount "101"]
[EventDate "2023.05.02"]
[EventType "swiss (blitz)"]
[EventRounds "11"]
[EventCountry "USA"]
[SourceTitle "EXT 2024"]
[Source "ChessBase"]
[SourceDate "2023.10.10"]
[SourceVersion "1"]
[SourceVersionDate "2023.10.10"]
[SourceQuality "1"]

1. d4 Nf6 2. c4 g6 3. Nc3 Bg7 4. e4 d6 5. Nf3 0-0 6. Be2 e5 7. 0-0 exd4 8. Nxd4 Re8 9. f3 Nbd7 10. Be3 c6 11. b3 a5 12. Qc2 Nc5 13. Rad1 Nfd7 14. a3 Qb6 15. b4 axb4 16. axb4 Qxb4 17. Rb1 Qa5 18. f4 Nf6 19. e5 dxe5 20. fxe5 Ng4 21. Bxg4 Bxg4 22. h3 Rxe5 23. Bd2 Ree8 24. Nce2 Bxe2 25. Bxa5 Bxd4+ 26. Kh1 Bxf1 27. Rxf1 Rxa5 28. Qd2 Nb3 29. Qb4 Ra1 30. Rxa1 Nxa1 31. Qxb7 c5 32. g3 Nc2 33. Kg2 Ne3+ 34. Kf3 Nxc4 35. Qb5 Ne5+ 36. Kg2 Rf8 37. h4 h5 38. Qe2 Ng4 39. Qe4 Kg7 40. Qb7 Re8 41. Qb5 Re3 42. Qa6 Be5 43. Qc6 Rxg3+ 44. Kf1 Bd4 45. Qd6 Rf3+ 46. Ke2 Rf6 47. Qd5 Re6+ 48. Kd2 Ne3 49. Qd8 Nf5 50. Qc8 Nxh4 51. Qc6 0-1

[Event "Budapest Vezerkepzo IM-B 04"]
[Site "Budapest"]
[Date "2023.04.14"]
[Round "2"]
[White "Pulpan, Jakub"]
[Black "Adithya, A Chullikkad"]
[Result "1-0"]
[WhiteElo "2427"]
[BlackElo "2259"]
[PlyCount "87"]
[EventDate "2023.04.13"]
[EventType "tourn"]
[EventRounds "9"]
[EventCountry "HUN"]
[SourceTitle "CBM 213 Extra"]
[Source "ChessBase"]
[SourceDate "2023.05.31"]
[SourceVersion "1"]
[SourceVersionDate "2023.05.31"]
[SourceQuality "1"]

1. Nf3 Nf6 2. b3 g6 3. Bb2 Bg7 4. g3 c5 5. c4 d6 6. d4 cxd4 7. Bxd4 Nc6 8. Bb2 Qb6 9. e3 Bf5 10. Bd3 Bh3 11. Bf1 Bf5 12. Bg2 Nb4 13. 0-0 Nc2 14. Nd4 Nd7 15. Nc3 Nxd4 16. Nd5 Qd8 17. Bxd4 0-0 18. Bxg7 Kxg7 19. Qd4+ Kg8 20. Rad1 Re8 21. Rfe1 Ne5 22. c5 Bg4 23. Rd2 Bf3 24. Qf4 Bxg2 25. Kxg2 Rc8 26. b4 Qd7 27. Qxe5 dxe5 28. Nf6+ exf6 29. Rxd7 b6 30. Rxa7 bxc5 31. b5 Ra8 32. Rc7 Reb8 33. Rb1 Rxa2 34. b6 Kg7 35. b7 Ra7 36. Kf3 f5 37. Ke2 e4 38. Kd2 Kf6 39. Rb6+ Kg7 40. Kc3 c4 41. Rb2 Kf6 42. Kxc4 Ra1 43. Kc5 Ke6 44. Rb6+ 1-0

[Event "Titled Tuesday intern op 11th Apr Early"]
[Site "Chess.com INT"]
[Date "2023.04.11"]
[Round "6"]
[White "Chernomordik, Pavel"]
[Black "Adithya, A Chullikkad"]
[Result "1-0"]
[WhiteElo "2141"]
[BlackElo "2259"]
[PlyCount "43"]
[EventDate "2023.04.11"]
[EventType "swiss (blitz)"]
[EventRounds "11"]
[EventCountry "USA"]
[SourceTitle "CBM 213 Extra"]
[Source "ChessBase"]
[SourceDate "2023.05.31"]
[SourceVersion "1"]
[SourceVersionDate "2023.05.31"]
[SourceQuality "1"]

1. e4 c5 2. Nc3 d6 3. f4 a6 4. g3 Nd7 5. Bg2 e6 6. Nf3 Be7 7. d4 cxd4 8. Qxd4 Ngf6 9. Be3 0-0 10. 0-0-0 Ng4 11. Bg1 Bf6 12. Qxd6 Bxc3 13. bxc3 Qa5 14. Kb2 b5 15. h3 Ngf6 16. Nd2 Bb7 17. Nb3 Qa4 18. Rd4 b4 19. Rxb4 Qc6 20. Qxc6 Bxc6 21. Na5 Bb5 22. c4 1-0

[Event "Titled Tuesday intern op 28th Mar Early"]
[Site "Chess.com INT"]
[Date "2023.03.28"]
[Round "5"]
[White "Vargas, Mauricio"]
[Black "Adithya, A Chullikkad"]
[Result "0-1"]
[WhiteElo "2056"]
[BlackElo "2259"]
[PlyCount "74"]
[EventDate "2023.03.28"]
[EventType "swiss (blitz)"]
[EventRounds "11"]
[EventCountry "USA"]
[SourceTitle "EXT 2024"]
[Source "ChessBase"]
[SourceDate "2023.10.10"]
[SourceVersion "1"]
[SourceVersionDate "2023.10.10"]
[SourceQuality "1"]

1. e4 c5 2. Nc3 d6 3. f4 a6 4. Nf3 Nc6 5. d3 Bg4 6. h3 Bxf3 7. Qxf3 e6 8. Qd1 Be7 9. g3 Nf6 10. Bg2 d5 11. e5 Nd7 12. 0-0 0-0 13. Ne2 Re8 14. c3 b5 15. Qe1 Rc8 16. Kh2 Qa5 17. a3 Qb6 18. g4 Na5 19. Rb1 d4 20. Be4 Nb3 21. g5 Nf8 22. Ng3 dxc3 23. bxc3 Nxc1 24. Qxc1 Qa5 25. Rg1 c4 26. d4 Bxa3 27. Qd1 Qxc3 28. Nh5 Red8 29. Nf6+ gxf6 30. gxf6+ Ng6 31. Qh5 Qd2+ 32. Rg2 Qxf4+ 33. Kh1 Qxe4 34. Qh6 Qxb1+ 35. Kh2 Bf8 36. Rxg6+ Qxg6 37. Qxg6+ hxg6 0-1

[Event "Titled Tuesday intern op 21st Mar Early"]
[Site "Chess.com INT"]
[Date "2023.03.21"]
[Round "5"]
[White "Adithya, A Chullikkad"]
[Black "Sherman, Reem"]
[Result "0-1"]
[WhiteElo "2259"]
[BlackElo "2126"]
[PlyCount "88"]
[EventDate "2023.03.21"]
[EventType "swiss (blitz)"]
[EventRounds "11"]
[EventCountry "USA"]
[SourceTitle "EXT 2024"]
[Source "ChessBase"]
[SourceDate "2023.10.10"]
[SourceVersion "1"]
[SourceVersionDate "2023.10.10"]
[SourceQuality "1"]

1. d4 Nf6 2. Bf4 c5 3. e3 e6 4. c3 Nc6 5. h3 Qb6 6. Qb3 Be7 7. Nf3 d5 8. Nbd2 Bd7 9. Qc2 Rc8 10. Bd3 cxd4 11. exd4 Nb4 12. Qb1 Nxd3+ 13. Qxd3 Qxb2 14. Rb1 Qxc3 15. Qxc3 Rxc3 16. 0-0 b6 17. Bb8 Ra3 18. Rb2 0-0 19. Be5 Rc8 20. Nb3 Ne4 21. Nfd2 Nxd2 22. Rxd2 Bf6 23. Bxf6 gxf6 24. f4 f5 25. Rf3 Ba4 26. Rdd3 Bxb3 27. axb3 Rc2 28. Rg3+ Kf8 29. Rg5 Rb2 30. Rgg3 a5 31. Rc3 Raa2 32. Rc8+ Ke7 33. Rc7+ Kf6 34. Rb7 Ra3 35. Rxb6 a4 36. Rg8 Raxb3 37. Ra6 a3 38. Ra7 a2 39. Kh2 Rb7 40. Ra3 Rc7 41. Rga8 Rcc2 42. Kg3 Rxg2+ 43. Kh4 Rg6 44. Rxa2 Rb3 0-1

[Event "Titled Tuesday intern op 21st Mar Early"]
[Site "Chess.com INT"]
[Date "2023.03.21"]
[Round "4"]
[White "Derjabin, Ilja"]
[Black "Adithya, A Chullikkad"]
[Result "1-0"]
[WhiteElo "2333"]
[BlackElo "2259"]
[PlyCount "107"]
[EventDate "2023.03.21"]
[EventType "swiss (blitz)"]
[EventRounds "11"]
[EventCountry "USA"]
[SourceTitle "EXT 2024"]
[Source "ChessBase"]
[SourceDate "2023.10.10"]
[SourceVersion "1"]
[SourceVersionDate "2023.10.10"]
[SourceQuality "1"]

1. d4 Nf6 2. c4 e6 3. Nc3 d5 4. cxd5 exd5 5. Bg5 Bb4 6. e3 0-0 7. Bd3 h6 8. Bh4 c6 9. Nge2 Be6 10. 0-0 Nbd7 11. Nf4 Bd6 12. Nxe6 fxe6 13. e4 Be7 14. Bg3 Qb6 15. e5 Ne8 16. Na4 Qa5 17. b3 b5 18. Nb2 Qc3 19. Rb1 Kh8 20. Qh5 Rg8 21. Rfc1 Qxd4 22. Bg6 Nc7 23. Rd1 Qb4 24. Nd3 Qa3 25. Bf4 Bf8 26. Bf7 c5 27. Bxg8 Kxg8 28. Bxh6 gxh6 29. Nf4 Ne8 30. Nxe6 Ng7 31. Nxg7 Bxg7 32. e6 Nf8 33. Qf7+ Kh8 34. e7 Qa5 35. e8Q Rxe8 36. Qxe8 Qxa2 37. Re1 Kg8 38. Qd8 Bd4 39. Rf1 Bxf2+ 40. Kh1 d4 41. Qd5+ Kh8 42. Qxc5 d3 43. Qxf2 d2 44. Qd4+ Kh7 45. Rbd1 Qxb3 46. Qe4+ Ng6 47. Rxd2 h5 48. Rd7+ Kh6 49. Rd6 Qg8 50. h3 Kg5 51. Rf5+ Kh6 52. Rff6 Qg7 53. Rxg6+ Qxg6 54. Qxg6# 1-0

[Event "Titled Tuesday intern op 21st Mar Early"]
[Site "Chess.com INT"]
[Date "2023.03.21"]
[Round "6"]
[White "Khandelwal, Ankush"]
[Black "Adithya, A Chullikkad"]
[Result "1-0"]
[WhiteElo "2255"]
[BlackElo "2259"]
[PlyCount "79"]
[EventDate "2023.03.21"]
[EventType "swiss (blitz)"]
[EventRounds "11"]
[EventCountry "USA"]
[SourceTitle "EXT 2024"]
[Source "ChessBase"]
[SourceDate "2023.10.10"]
[SourceVersion "1"]
[SourceVersionDate "2023.10.10"]
[SourceQuality "1"]

1. e4 c5 2. Nf3 d6 3. d4 cxd4 4. Nxd4 Nf6 5. Nc3 a6 6. Be2 e5 7. Nb3 Be6 8. f4 Be7 9. f5 Bd7 10. Bg5 Bc6 11. Bxf6 Bxf6 12. Qd3 Nd7 13. Qxd6 Qb6 14. Qd3 0-0-0 15. 0-0-0 Nc5 16. Qc4 Nxb3+ 17. axb3 Kb8 18. Qxf7 Bxe4 19. Nxe4 Qe3+ 20. Kb1 Qxe4 21. Bf3 Qb4 22. Bd5 Rhf8 23. Qh5 e4 24. Qe2 Rfe8 25. Be6 Rd4 26. c3 Rxd1+ 27. Rxd1 Qe7 28. Qxe4 Rd8 29. Qf4+ Ka8 30. Rxd8+ Qxd8 31. Kc2 Qb6 32. b4 Qg1 33. Bd5 Qb6 34. Kb3 Qd8 35. Qe4 Qc7 36. Qe6 h6 37. Qxa6+ Kb8 38. Qb5 b6 39. Qa6 Qd6 40. Qb7# 1-0

[Event "Titled Tuesday intern op 07th Feb Early"]
[Site "Chess.com INT"]
[Date "2023.02.07"]
[Round "1"]
[White "Czopor, Maciej"]
[Black "Adithya, A Chullikkad"]
[Result "1/2-1/2"]
[WhiteElo "2412"]
[BlackElo "2259"]
[PlyCount "70"]
[EventDate "2023.02.07"]
[EventType "swiss (blitz)"]
[EventRounds "11"]
[EventCountry "USA"]
[SourceTitle "EXT 2024"]
[Source "ChessBase"]
[SourceDate "2023.10.10"]
[SourceVersion "1"]
[SourceVersionDate "2023.10.10"]
[SourceQuality "1"]

1. c4 e5 2. Nc3 Nf6 3. e3 d5 4. cxd5 Nxd5 5. Qc2 Be6 6. a3 Bd6 7. Nf3 0-0 8. Be2 c6 9. 0-0 Nd7 10. d4 Bg4 11. Nxd5 cxd5 12. dxe5 Rc8 13. Qb3 Nxe5 14. Qxd5 Nxf3+ 15. Bxf3 Bxf3 16. Qxf3 Qb6 17. Rd1 Rc2 18. b4 Be5 19. Rb1 Rfc8 20. Bd2 Ra2 21. Qf5 Qe6 22. Qd3 Bf6 23. Be1 h6 24. h3 Qc6 25. Qb3 Qc2 26. Qxc2 Rcxc2 27. Rd7 Rxa3 28. Rxb7 Raa2 29. b5 Bh4 30. g3 Bxg3 31. fxg3 Rg2+ 32. Kf1 Rh2 33. Kg1 Rhg2+ 34. Kf1 Rh2 35. Kg1 Rhg2+ 1/2-1/2

[Event "Titled Tuesday intern op 07th Feb Early"]
[Site "Chess.com INT"]
[Date "2023.02.07"]
[Round "10"]
[White "Herman, Daniel"]
[Black "Adithya, A Chullikkad"]
[Result "1/2-1/2"]
[WhiteElo "1957"]
[BlackElo "2259"]
[PlyCount "116"]
[EventDate "2023.02.07"]
[EventType "swiss (blitz)"]
[EventRounds "11"]
[EventCountry "USA"]
[SourceTitle "EXT 2024"]
[Source "ChessBase"]
[SourceDate "2023.10.10"]
[SourceVersion "1"]
[SourceVersionDate "2023.10.10"]
[SourceQuality "1"]

1. c4 c5 2. Nc3 e6 3. Nf3 d5 4. cxd5 exd5 5. d4 Nc6 6. g3 Nf6 7. Bg2 Be7 8. 0-0 0-0 9. dxc5 Bxc5 10. Bg5 Be7 11. Rc1 h6 12. Bf4 Be6 13. Nb5 Rc8 14. Nfd4 a6 15. Nxc6 bxc6 16. Na7 Bd6 17. Bxd6 Qxd6 18. Nxc8 Rxc8 19. Qa4 Qe5 20. Rxc6 Rxc6 21. Qxc6 Qxe2 22. Qc3 Qb5 23. Qd4 Qa5 24. a3 Qb5 25. Rc1 Qb8 26. b4 Qb7 27. Rc5 Qb8 28. Rc6 Qb7 29. Qb6 Qa8 30. Qxa6 Qb8 31. Qb6 Qe5 32. Rc1 Qb2 33. Qb8+ Kh7 34. Qf4 g5 35. Qe3 Ng4 36. Qd3+ Kg8 37. Rf1 Ne5 38. Qe3 Nc4 39. Qc5 Qxa3 40. Bxd5 Bxd5 41. Qxd5 Qxb4 42. Rc1 Nb6 43. Qf5 Qd6 44. Re1 Nd7 45. Re8+ Kg7 46. Rd8 Qd1+ 47. Kg2 Qa4 48. Rxd7 Qc6+ 49. Kf1 Qc4+ 50. Kg2 Qc6+ 51. Kh3 Qc4 52. Rd6 Qf1+ 53. Kg4 Qc4+ 54. f4 Qe2+ 55. Kh3 Qf1+ 56. Kg4 Qe2+ 57. Kh3 Qf1+ 58. Kg4 Qe2+ 1/2-1/2

[Event "Titled Tuesday intern op 31st Jan Early"]
[Site "Chess.com INT"]
[Date "2023.01.31"]
[Round "11"]
[White "Adithya, A Chullikkad"]
[Black "Garcia Correa, Jose Ricardo"]
[Result "1-0"]
[WhiteElo "2196"]
[BlackElo "2103"]
[PlyCount "99"]
[EventDate "2023.01.31"]
[EventType "swiss (blitz)"]
[EventRounds "11"]
[EventCountry "USA"]
[SourceTitle "CBM 212 Extra"]
[Source "ChessBase"]
[SourceDate "2023.03.31"]
[SourceVersion "1"]
[SourceVersionDate "2023.03.31"]
[SourceQuality "1"]

1. d4 Nf6 2. Bf4 Nd5 3. Bg3 d6 4. c4 Nb6 5. Nc3 g6 6. Nf3 Bg7 7. e3 Nc6 8. Bd3 Nb4 9. Bb1 0-0 10. 0-0 a5 11. a3 Nc6 12. c5 Nd7 13. Nb5 b6 14. Be4 Bb7 15. d5 Nxc5 16. dxc6 Ba6 17. Bd3 a4 18. Be2 Bxb2 19. Ra2 Bf6 20. Nbd4 Bxe2 21. Qxe2 e5 22. Nc2 Qe8 23. Nb4 Bg7 24. Ne1 f5 25. Nd5 Rc8 26. Nd3 Kh8 27. N3b4 Qf7 28. f3 g5 29. e4 f4 30. Bf2 h5 31. Qb5 Ra8 32. Bxc5 dxc5 33. Nd3 g4 34. Rc2 Rfc8 35. Rc4 Qe6 36. Rxa4 Bf8 37. Rxa8 Rxa8 38. Nxc7 Qc8 39. Nxa8 Qxa8 40. c7 c4 41. Qd7 cxd3 42. c8Q Qxa3 43. Qf5 Kg8 44. Qg6+ Kh8 45. Qxh5+ Kg7 46. Qg5+ Kf7 47. Qgf5+ Kg7 48. Qxe5+ Kh7 49. Qcf5+ Kg8 50. Qg6+ 1-0

[Event "Titled Tuesday intern op 31st Jan Early"]
[Site "Chess.com INT"]
[Date "2023.01.31"]
[Round "4"]
[White "Adithya, A Chullikkad"]
[Black "Tymrakiewicz, Rafal"]
[Result "0-1"]
[WhiteElo "2196"]
[BlackElo "2139"]
[PlyCount "156"]
[EventDate "2023.01.31"]
[EventType "swiss (blitz)"]
[EventRounds "11"]
[EventCountry "USA"]
[SourceTitle "CBM 212 Extra"]
[Source "ChessBase"]
[SourceDate "2023.03.31"]
[SourceVersion "1"]
[SourceVersionDate "2023.03.31"]
[SourceQuality "1"]

1. d4 d5 2. c4 Bf5 3. Nc3 e6 4. Bf4 c6 5. e3 Nf6 6. Nf3 Bd6 7. Bd3 Bxf4 8. exf4 Bxd3 9. Qxd3 dxc4 10. Qxc4 Nbd7 11. 0-0 0-0 12. Rad1 Qa5 13. Ne5 Nb6 14. Qc5 Qxc5 15. dxc5 Nbd5 16. Nxd5 exd5 17. f3 Rad8 18. Rd4 Rfe8 19. Re1 Nd7 20. Kf2 Nxc5 21. Rc1 Ne6 22. Rb4 Nxf4 23. g3 Rxe5 24. gxf4 Re7 25. f5 f6 26. h4 h5 27. a4 d4 28. Rd1 d3 29. Re4 Kf7 30. Ke3 Red7 31. Kd2 Rd5 32. Rde1 R8d7 33. Rf4 Rc5 34. b4 Rc2+ 35. Ke3 Ra2 36. Rd1 Re7+ 37. Kxd3 Rxa4 38. Kc3 Ra3+ 39. Kc4 Rae3 40. Rdd4 R3e5 41. Kc3 Rc7 42. Rd6 Ke7 43. Rd2 c5 44. b5 Rd7 45. Rg2 Kf7 46. Ra2 b6 47. Raa4 Re3+ 48. Kc2 Re2+ 49. Kc3 Rde7 50. Kd3 R2e3+ 51. Kc2 Rd7 52. Kb2 Ke8 53. Kc2 Kd8 54. Rae4 Rxe4 55. Rxe4 Kc7 56. Kc3 Kb7 57. Re3 a6 58. Kc4 Rd4+ 59. Kb3 axb5 60. Re7+ Ka6 61. Rxg7 Rxh4 62. Rg6 Rf4 63. Rxf6 Rxf3+ 64. Kb2 b4 65. Rf8 h4 66. f6 Kb5 67. f7 h3 68. Rh8 Rxf7 69. Rxh3 Rf2+ 70. Kb1 Ka4 71. Rh8 c4 72. Rh3 c3 73. Rh1 Kb3 74. Rc1 Rb2+ 75. Ka1 Ra2+ 76. Kb1 c2+ 77. Rxc2 Rxc2 78. Ka1 Rg2 0-1

[Event "Titled Tuesday intern op 31st Jan Early"]
[Site "Chess.com INT"]
[Date "2023.01.31"]
[Round "6"]
[White "Matveeva, Olga"]
[Black "Adithya, A Chullikkad"]
[Result "1-0"]
[WhiteElo "2111"]
[BlackElo "2196"]
[PlyCount "75"]
[EventDate "2023.01.31"]
[EventType "swiss (blitz)"]
[EventRounds "11"]
[EventCountry "USA"]
[SourceTitle "CBM 212 Extra"]
[Source "ChessBase"]
[SourceDate "2023.03.31"]
[SourceVersion "1"]
[SourceVersionDate "2023.03.31"]
[SourceQuality "1"]

1. d4 Nf6 2. c4 c6 3. Nf3 d5 4. Qb3 dxc4 5. Qxc4 Be6 6. Qc2 g6 7. Nc3 Bg7 8. g3 0-0 9. Bg2 Nbd7 10. 0-0 Nb6 11. e4 Qd7 12. Rd1 Rfd8 13. Ne5 Qe8 14. b3 Nfd7 15. f4 Nxe5 16. fxe5 c5 17. d5 Bxe5 18. dxe6 Rxd1+ 19. Qxd1 Bxc3 20. Rb1 fxe6 21. Be3 Rd8 22. Qe2 Bd4 23. a4 e5 24. a5 Nc8 25. Bh3 Qf7 26. Kh1 Nd6 27. Bh6 Kh8 28. Qd3 Qe8 29. Rf1 Qc6 30. Bg2 Qb5 31. Qf3 Qe8 32. Bh3 Qg8 33. Bg4 a6 34. h4 Ne8 35. Be6 Qxe6 36. Qf8+ Qg8 37. Qxg8+ Kxg8 38. Rf8# 1-0

[Event "Titled Tuesday intern op 31st Jan Early"]
[Site "Chess.com INT"]
[Date "2023.01.31"]
[Round "9"]
[White "Quirke, Jeffrey"]
[Black "Adithya, A Chullikkad"]
[Result "0-1"]
[WhiteElo "2029"]
[BlackElo "2196"]
[PlyCount "100"]
[EventDate "2023.01.31"]
[EventType "swiss (blitz)"]
[EventRounds "11"]
[EventCountry "USA"]
[SourceTitle "CBM 212 Extra"]
[Source "ChessBase"]
[SourceDate "2023.03.31"]
[SourceVersion "1"]
[SourceVersionDate "2023.03.31"]
[SourceQuality "1"]

1. e4 c5 2. Nc3 d6 3. f4 Nc6 4. Nf3 e6 5. Bb5 Bd7 6. a4 a6 7. Bc4 Be7 8. 0-0 Nf6 9. d3 0-0 10. Qe1 Rb8 11. e5 dxe5 12. fxe5 Nd5 13. Nxd5 exd5 14. Bxd5 Nb4 15. Bb3 Be6 16. Bxe6 fxe6 17. Qe2 Qd5 18. Be3 Rf5 19. Rad1 Rbf8 20. c3 Nc6 21. d4 cxd4 22. cxd4 Qe4 23. Qd3 Qxd3 24. Rxd3 Nb4 25. Rb3 Nd5 26. Bf2 b6 27. Rc1 a5 28. Rc6 Kf7 29. Rcxb6 Nxb6 30. Rxb6 Bb4 31. Rb7+ Kg8 32. d5 exd5 33. e6 Re8 34. Bd4 Bf8 35. e7 Rxe7 36. Rb8 Kf7 37. Bc5 Re8 38. Rb7+ Kg8 39. Bd4 Rf7 40. Rb5 g6 41. Rxd5 Bg7 42. Rd6 Bxd4+ 43. Rxd4 Rb7 44. h3 Rxb2 45. Rd7 Rb4 46. Ng5 h6 47. Nh7 Re1+ 48. Kh2 Rf4 49. h4 Rf7 50. Rxf7 Kxf7 0-1

[Event "Titled Tuesday intern op 17th Jan Early"]
[Site "Chess.com INT"]
[Date "2023.01.17"]
[Round "9"]
[White "Adithya, A Chullikkad"]
[Black "Avazkhonov, Alikhon"]
[Result "0-1"]
[WhiteElo "2196"]
[BlackElo "1538"]
[PlyCount "122"]
[EventDate "2023.01.17"]
[EventType "swiss (blitz)"]
[EventRounds "11"]
[EventCountry "USA"]
[SourceTitle "CBM 212 Extra"]
[Source "ChessBase"]
[SourceDate "2023.03.31"]
[SourceVersion "1"]
[SourceVersionDate "2023.03.31"]
[SourceQuality "1"]

1. e4 c5 2. d4 cxd4 3. c3 dxc3 4. Nxc3 Nc6 5. Bc4 e6 6. Nf3 Bb4 7. 0-0 Nge7 8. Qe2 0-0 9. Rd1 Bxc3 10. bxc3 d5 11. Bb3 Qa5 12. Bb2 dxe4 13. Qxe4 e5 14. g4 h6 15. h4 Be6 16. Bc2 g6 17. h5 f5 18. Qe3 f4 19. Qe4 Bxg4 20. hxg6 Bf5 21. Bb3+ Kg7 22. Qe2 e4 23. c4+ Kxg6 24. Nh4+ Kh7 25. Nxf5 Qxf5 26. Rd6 Rg8+ 27. Kf1 f3 28. Qe3 Qh3+ 29. Ke1 Qh4 30. Kd2 Rad8 31. Rxd8 Rxd8+ 32. Kc2 Rd3 33. Qe1 Nd4+ 34. Bxd4 Rxd4 35. Kc3 Rd3+ 36. Kb2 Nc6 37. Bc2 Qf6+ 38. Kb1 Rd4 39. Bxe4+ Kg7 40. Qc3 Rxe4 41. Qxf6+ Kxf6 42. Kb2 Rxc4 43. Re1 Rb4+ 44. Kc3 Rb5 45. Re3 Rc5+ 46. Kb3 Rf5 47. Rd3 h5 48. Rd6+ Ke5 49. Rd7 Nd4+ 50. Kc4 Ne6 51. Rxb7 h4 52. Rxa7 Rh5 53. Ra3 Kf4 54. Re3 h3 55. Rxe6 h2 56. Re1 h1Q 57. Rxh1 Rxh1 58. a4 Rh2 59. a5 Rxf2 60. a6 Ra2 61. a7 Rxa7 0-1

[Event "Titled Tuesday intern op 17th Jan Late"]
[Site "Chess.com INT"]
[Date "2023.01.17"]
[Round "1"]
[White "Adithya, A Chullikkad"]
[Black "Kovanova, Baira"]
[Result "0-1"]
[WhiteElo "2196"]
[BlackElo "2309"]
[PlyCount "48"]
[EventDate "2023.01.17"]
[EventType "swiss (blitz)"]
[EventRounds "11"]
[EventCountry "USA"]
[SourceTitle "CBM 212 Extra"]
[Source "ChessBase"]
[SourceDate "2023.03.31"]
[SourceVersion "1"]
[SourceVersionDate "2023.03.31"]
[SourceQuality "1"]

1. d4 Nf6 2. Bf4 e6 3. e3 d5 4. c3 Bd6 5. Bd3 c5 6. Ne2 Qc7 7. 0-0 0-0 8. Na3 a6 9. dxc5 Qxc5 10. Bxd6 Qxd6 11. Nc2 e5 12. Ng3 Nc6 13. Bf5 g6 14. Bxc8 Raxc8 15. e4 d4 16. cxd4 Nxd4 17. Nxd4 exd4 18. Re1 Rfe8 19. Qd3 Ng4 20. Rad1 Rcd8 21. f4 Qxf4 22. Qc4 Re7 23. Rf1 Qh6 24. Qb4 Qxh2# 0-1

[Event "Titled Tuesday intern op 17th Jan Early"]
[Site "Chess.com INT"]
[Date "2023.01.17"]
[Round "5"]
[White "Broca Jimenez, Fernando"]
[Black "Adithya, A Chullikkad"]
[Result "1-0"]
[WhiteElo "2075"]
[BlackElo "2196"]
[PlyCount "45"]
[EventDate "2023.01.17"]
[EventType "swiss (blitz)"]
[EventRounds "11"]
[EventCountry "USA"]
[SourceTitle "CBM 212 Extra"]
[Source "ChessBase"]
[SourceDate "2023.03.31"]
[SourceVersion "1"]
[SourceVersionDate "2023.03.31"]
[SourceQuality "1"]

1. e4 e5 2. Nf3 Nc6 3. Bb5 a6 4. Ba4 Nf6 5. 0-0 b5 6. Bb3 Bc5 7. c3 d6 8. d4 Bb6 9. dxe5 Nxe5 10. Nxe5 dxe5 11. Qxd8+ Kxd8 12. Bxf7 Bb7 13. Bg5 Ke7 14. Bd5 c6 15. Bb3 h6 16. Bxf6+ gxf6 17. Nd2 c5 18. Bc2 Rhg8 19. Rfe1 Rad8 20. Rad1 Rg7 21. Nf1 Rdg8 22. Ne3 c4 23. Nf5+ 1-0

[Event "Marianske Lazne GM-A1 21st"]
[Site "Marianske Lazne"]
[Date "2023.01.16"]
[Round "3"]
[White "Chen, Qi B"]
[Black "Adithya, A Chullikkad"]
[Result "1-0"]
[WhiteElo "2484"]
[BlackElo "2196"]
[PlyCount "53"]
[EventDate "2023.01.14"]
[EventType "tourn"]
[EventRounds "9"]
[EventCountry "CZE"]
[EventCategory "7"]
[SourceTitle "CBM 212 Extra"]
[Source "ChessBase"]
[SourceDate "2023.03.31"]
[SourceVersion "1"]
[SourceVersionDate "2023.03.31"]
[SourceQuality "1"]

1. e4 c5 2. Nf3 d6 3. Bb5+ Nd7 4. d4 cxd4 5. Nxd4 Ngf6 6. 0-0 e5 7. Nf5 a6 8. Ba4 b5 9. Bb3 Nc5 10. Nc3 Nxb3 11. axb3 Nxe4 12. Nxg7+ Bxg7 13. Nxe4 d5 14. Bg5 Qd7 15. Nf6+ Bxf6 16. Bxf6 Rg8 17. Bxe5 Bb7 18. Re1 0-0-0 19. Qd4 Rg6 20. Bg3 Rdg8 21. Re3 h5 22. Qf4 Kd8 23. Rae1 Re6 24. Rxe6 fxe6 25. Qf6+ Kc8 26. Rxe6 Re8 27. Qc3+ 1-0